Artikel des Tages 2024 - Statistiken

Allgemein
  • Dieses Quiz wurde 18 mal gespielt
  • Das Durchschnittsergebnis liegt bei 13 aus 24
Antwortstatistiken
Bildquiz Hint Antwort % Korrekt
16. Juni: Landeshauptstadt Thüringens Erfurt
100%
6. April: Schwedische Band, bekannt für die Hits "Mamma Mia" und "Dancing Queen" ABBA
94%
24. November: Größte Insel der Welt Grönland
94%
18. September: Insekten fressende Säugetiere, die für ihre Erdhügel bekannt sind Maulwürfe
88%
3. Mai: Größte Delfinart Schwertwal
81%
4. Juli: Bezeichnung für den Gewinn der Fußball-WM 1954 durch die BRD Wunder von Bern
81%
19. August: Erster römischer Kaiser Augustus
75%
6. Juni: Kampffahrzeug, das erstmals im Ersten Weltkrieg eingesetzt wurde Panzer
75%
22. März: Handfeuerwaffe, mit dem Wilden Westen in Verbindung gebracht Revolver
75%
23. Mai: Verfassung Deutschlands Grundgesetz für die Bundesrepublik Deutschland
69%
3. Dezember: Chemisches Element der 5. Hauptgruppe mit der Ordnungszahl 15 und dem Symbol P Phosphor
69%
22. April: Deutscher Philosoph, bekannt für seine "Kritik der reinen Vernunft" Immanuel Kant
63%
3. März: Erstes Buch der Bibel Genesis
50%
23. Februar: Kinderkrankheit, bei der Fieber und eine Schwellung der Ohrspeicheldrüse auftreten Mumps
44%
8. Januar: Österreichischer Fußballverein, wurde 32-mal Österreichischer Meister (zuletzt 2008) SK Rapid Wien
44%
12. Januar: US-Präsident, der 1880 gewählt wurde und ein Jahr später bei einem Attentat starb James A. Garfield
38%
5. Juli: Mittelgroße Katzenart mit langen Beinen, die in den Savannen Afrikas lebt Serval
31%
17. Dezember: Eine der beiden biblischen Schriften, in der die Weihnachtsgeschichte behandelt wird Evangelium nach Lukas
25%
22. Februar: Größte Stadt des Sauerlandes, bekannt für die Dechenhöhle Iserlohn
25%
22. Oktober: Gründervater und 4. US-Präsident, führte den Krieg von 1812 James Madison
25%
14. September: Alpenrandsee im Salzkammergut Wolfgangsee
19%
22. August: Bezeichnung für Eierlegende Säugetiere wie das Schnabeltier Kloakentiere
13%
17. November: U-Boot-Klasse der US Navy aus den 60ern & 70ern Sturgeon-Klasse
6%
3. Oktober: Deutscher Sportwagen der 70er und 80er Porsche 930
0%
Keine übereinstimmenden Quizze gefunden
Verteilung der Resultate
Anzahl Personen mit jedem Resultat
Perzentil nach korrekt beantworteten Fragen
Ihre Resultats-Entwicklung
Sie haben dieses Quiz noch nicht gespielt